| 000 | 00557nam a2200181Ia 4500 | ||
|---|---|---|---|
| 005 | 20250508160735.0 | ||
| 008 | 008 250505s9999 xx 000 0 eng d | ||
| 037 | _aBooks to be hide in OPAC | ||
| 040 |
_aFEDL _beng _cFEDL |
||
| 041 |
_aeng _2eng |
||
| 084 | _qFEDL | ||
| 245 | 0 | _aIndian books in print 1972: A bibliography of Indian books published upto December, 1971 in english language. Vol 1 | |
| 260 |
_aDelhi, India _bIndian Bureau of Bibliographes _c1969 |
||
| 300 | _a543p. | ||
| 490 | _vVol 1 | ||
| 942 | _cHB | ||
| 999 |
_c1366347 _d1366347 |
||